| 000 | 00464nam a2200145 4500 | ||
|---|---|---|---|
| 008 | 151204b xxu||||| |||| 00| 0 eng d | ||
| 020 | _a1880399431 | ||
| 050 | _aPN 2080.B43 1993 | ||
| 100 |
_aBeard, Jocelyn A. _d1993 |
||
| 245 |
_aThe best men's stage monologues of 1993. _c Jocelyn A. Beard |
||
| 260 |
_aUSA; _b Smith and Kraus , Inc. _c1993. |
||
| 300 |
_a94 p. : _c24cm |
||
| 650 | _aEnglish fiction. | ||
| 942 |
_2lcc _cBOOKS _hPN 2080.B43 1993 |
||
| 999 |
_c10275 _d10275 |
||